000 01261nam a22003737a 4500
003 CHAP
005 20220329133214.0
008 971013s r 00010 d
010 _a3353
011 _a4325
035 _a3527
040 _cCHAP
090 _aFolleto 13010
100 0 0 _aMartínez Saldaña, Tomás.
_972505
245 _aCien años de producción agrícola y cincuenta de reforma agraria
260 _aChapingo, Méx. :
_bUACH. Departamento de Economía Agrícola,
_c[198?]
300 _a75 p.
490 _aEconomía y estado
500 _aD49-169
590 _aBATCH-UPD
_b10
_c20130110
_lUCH01
_h0237
590 _aBATCH-UPD
_b10
_c20130110
_lUCH01
_h1955
590 _aBATCH-UPD
_b10
_c20130409
_lUCH01
_h2302
590 _aBATCH-UPD
_b10
_c20130410
_lUCH01
_h1316
590 _aBATCH-UPD
_b10
_c20130914
_lUCH01
_h0826
590 _aCONVERSION
_b10
_c20130109
_lUCH01
_h1303
650 1 4 _aCampesinado
_xComarca Lagunera.
_918005
650 1 4 _aCultivos
_xRendimiento.
_930318
650 1 4 _aReforma agraria
_xComarca Lagunera.
_995536
830 0 _aEconomía y estado
_935281
901 _aBK
942 _cFOLL
949 _aFolleto 13010
_bBC
_cFOLL
_d-13048
_eTS1
_i3527
_mD
_si
949 _aFolleto 13010
_bBC
_cFOLL
_d-71457
_eTS2
_fc.2
_i3527
_mD
_si
999 _c3353
_d3353